[Event "XXI Coppa Autunno"]
[Site "Ivrea ITA"]
[Date "2010.10.14"]
[Round "2"]
[White "Moratto, Davide"]
[Black "Razzano, Lorenzo"]
[Result "0-1"]
[WhiteElo "1854"]
[BlackElo "1928"]
[PlyCount "60"]
[EventDate "2010.10.02"]

1. e4 e5 2. Nf3 Nc6 3. Bb5 a6 4. Ba4 Nf6 5. O-O Be7 6. d4 exd4 7. e5 Ne4 8.
Bxc6 dxc6 9. Nxd4 O-O 10. Re1 Nc5 11. Nc3 Ne6 12. Nf5 Bg5 13. Qf3 Bxc1 14.
Raxc1 Nd4 15. Nxd4 Qxd4 16. Rcd1 Qb4 17. b3 Bg4 18. Re4 Bxf3 19. Rxb4 Bxd1 20.
Nxd1 Rad8 21. Ne3 b6 22. f4 c5 23. Re4 Rd4 24. Rxd4 cxd4 25. Nf5 Rd8 26. Kf2 g6
27. Ne7+ Kf8 28. Nc6 Rd5 29. Nb4 Rc5 30. Ke2 a5 0-1

[Event "XXI Coppa Autunno"]
[Site "Ivrea ITA"]
[Date "2010.10.06"]
[Round "2"]
[White "Papalini, Claudio"]
[Black "Avetta, Roberto"]
[Result "1-0"]
[WhiteElo "1718"]
[BlackElo "1687"]
[PlyCount "84"]
[EventDate "2010.10.02"]

1. d4 d5 2. Nf3 Nc6 3. Bf4 e6 4. e3 Nf6 5. h3 b6 6. c3 Bb7 7. Bd3 Be7 8. O-O
O-O 9. Nbd2 Nh5 10. Bh2 f5 11. Ne5 Nf6 12. Ndf3 h6 13. Nh4 Nxe5 14. dxe5 Ng4
15. Ng6 Nxh2 16. Nxf8 Nxf1 17. Nxe6 Qd6 18. Bxf5 Nxe3 19. fxe3 Qc6 20. Qg4 g5
21. h4 Bc5 22. Nd4 Bxd4 23. exd4 Kh8 24. hxg5 Rg8 25. Be6 Rxg5 26. Qh3 Rg6 27.
Bf5 Rg7 28. e6 Qd6 29. Qxh6+ Kg8 30. Re1 Ba6 31. Qh5 Bb5 32. Qh4 Re7 33. Re3
Be8 34. Rg3+ Rg7 35. Rxg7+ Kxg7 36. Qh7+ Kf8 37. Qh8+ Ke7 38. Qg7+ Kd8 39. Qg8
Qf4 40. e7+ Kxe7 41. Qe6+ Kf8 42. Qf6+ Kg8 1-0

[Event "XXI Coppa Autunno"]
[Site "Ivrea ITA"]
[Date "2010.10.14"]
[Round "2"]
[White "Pitti, Gianluca"]
[Black "Listello, Massimiliano"]
[Result "0-1"]
[WhiteElo "1440"]
[BlackElo "1558"]
[PlyCount "92"]
[EventDate "2010.10.02"]

1. e4 e6 2. d4 d5 3. exd5 exd5 4. Qe2+ Qe7 5. Qxe7+ Nxe7 6. Nf3 g6 7. Bg5 Bg7
8. Bxe7 Kxe7 9. Nc3 c6 10. Bd3 Bg4 11. Ne5 Bxe5 12. dxe5 Nd7 13. f4 Nc5 14. h3
Nxd3+ 15. cxd3 Bf5 16. d4 h5 17. O-O Be6 18. Rae1 Rhg8 19. Rf2 b6 20. Rfe2 g5
21. fxg5 Rxg5 22. a4 Bxh3 23. Kh2 Be6 24. b4 Rag8 25. b5 Rg3 26. Rf1 Rxc3 27.
Rb2 c5 28. dxc5 Rxc5 29. Ra1 d4 30. a5 Rxe5 31. axb6 axb6 32. Ra6 Rb8 33. Rd2
Rxb5 34. Rxd4 Ra5 35. Rxa5 bxa5 36. g3 Rb4 37. Rd3 a4 38. Kg2 Rb3 39. Rd1 Rb2+
40. Kf3 Bg4+ 41. Kf4 Bxd1 42. Kg5 a3 43. Kh6 a2 44. Kh7 a1=Q 45. Kg8 Rb8+ 46.
Kh7 Qh8# 0-1

[Event "XXI Coppa Autunno"]
[Site "Ivrea ITA"]
[Date "2010.10.09"]
[Round "2"]
[White "Renzini, Lorenzo"]
[Black "Allegro, Mattia"]
[Result "1/2-1/2"]
[WhiteElo "1751"]
[BlackElo "1912"]
[PlyCount "95"]
[EventDate "2010.10.02"]

1. c4 Nf6 2. Nc3 g6 3. g3 Bg7 4. Bg2 c6 5. Nf3 O-O 6. O-O d5 7. cxd5 cxd5 8. d4
Nc6 9. b3 Bf5 10. Bb2 Qd7 11. Ne5 Nxe5 12. dxe5 Ng4 13. Qxd5 Rad8 14. Rad1 Qxd5
15. Nxd5 Rd7 16. h3 Nxe5 17. Ne3 Rfd8 18. Bxb7 Bxh3 19. Bg2 Bxg2 20. Kxg2 Ng4
21. Rxd7 Nxe3+ 22. fxe3 Rxd7 23. Bxg7 Kxg7 24. Kf2 Rd2 25. Ra1 Kf6 26. a3 Rb2
27. b4 Ke5 28. Kf3 f5 29. Rc1 Kd6 30. Rc5 h5 31. Ra5 e6 32. Rxa7 g5 33. Ra5 h4
34. gxh4 gxh4 35. Ra8 Rb3 36. Rd8+ Ke5 37. Rd3 Rb2 38. Rd4 h3 39. Rh4 Rb3 40.
Rxh3 Rxa3 41. Rh4 Rb3 42. Rd4 Kf6 43. Rc4 Ke5 44. Rd4 Kf6 45. Rc4 Kg5 46. Kf2
Kf6 47. Kf3 Ke5 48. Rd4 1/2-1/2

[Event "XXI Coppa Autunno"]
[Site "Ivrea ITA"]
[Date "2010.10.11"]
[Round "2"]
[White "Saccuman, Andrea"]
[Black "Castaldo, Antonio"]
[Result "0-1"]
[WhiteElo "1374"]
[BlackElo "1705"]
[PlyCount "80"]
[EventDate "2010.10.02"]

1. e4 d6 2. d4 Nf6 3. Nc3 g6 4. Be2 Bg7 5. f4 O-O 6. Be3 Nbd7 7. Qd2 e5 8. fxe5
dxe5 9. dxe5 Nxe5 10. Nf3 Nxf3+ 11. Bxf3 Bg4 12. Qf2 Bxf3 13. gxf3 a6 14. Bd2
Qe7 15. O-O-O Rfd8 16. Bf4 Nh5 17. Be3 Bxc3 18. bxc3 Qa3+ 19. Kb1 Qxc3 20. Bd2
Qf6 21. Rhg1 Nf4 22. Qg3 Ne2 23. Qf2 Rxd2 24. Rxd2 Nxg1 25. Qxg1 Qxf3 26. Qe1
Re8 27. Re2 f5 28. exf5 Qxe2 29. Qg3 Qe1+ 30. Qxe1 Rxe1+ 31. Kb2 gxf5 32. h4 f4
33. c4 f3 34. a4 f2 35. Kb3 f1=Q 36. Kb4 Rb1+ 37. Kc5 Qf2+ 38. Kd5 Rd1+ 39. Ke5
Qe3+ 40. Kf6 Rf1# 0-1

[Event "XXI Coppa Autunno"]
[Site "Ivrea ITA"]
[Date "2010.10.09"]
[Round "2"]
[White "Tricerri, Pierino"]
[Black "Castello, Leonardo"]
[Result "1/2-1/2"]
[WhiteElo "1523"]
[BlackElo "1407"]
[PlyCount "122"]
[EventDate "2010.10.02"]

1. d4 d5 2. c4 dxc4 3. e4 Nf6 4. Nc3 Nc6 5. d5 Ne5 6. Bf4 Neg4 7. Bxc4 e5 8.
dxe6 Qxd1+ 9. Rxd1 Bc5 10. exf7+ Ke7 11. Nh3 Bd6 12. Bxd6+ cxd6 13. Ng5 h6 14.
Ne6 Bxe6 15. Bxe6 Kxe6 16. O-O Kxf7 17. Rxd6 Ne8 18. Rd7+ Kf8 19. Rfd1 Nef6 20.
Rd8+ Rxd8 21. Rxd8+ Ne8 22. Nd5 g5 23. Nc7 Ngf6 24. e5 Ke7 25. exf6+ Kxd8 26.
Ne6+ Kd7 27. Nc5+ Kc6 28. Ne4 Rf8 29. f7 Rxf7 30. Nd2 Kd5 31. Nb3 b6 32. h3 a5
33. Nd2 Nf6 34. Nf3 g4 35. Nh4 gxh3 36. Nf5 hxg2 37. Nxh6 Rg7 38. Nf5 Rg5 39.
Ne3+ Ke4 40. Nc4 b5 41. Nd6+ Ke5 42. Nf7+ Kf5 43. Nxg5 Kxg5 44. Kxg2 Nd5 45.
Kf3 Kf5 46. Ke2 Ke4 47. f3+ Kf4 48. Kf2 b4 49. Ke2 a4 50. Kd3 Ne3 51. Kd4 Kxf3
52. Kd3 Nd1 53. Kc4 Nxb2+ 54. Kxb4 Ke3 55. Ka3 Nc4+ 56. Kxa4 Kd3 57. Kb4 Kd4
58. a4 Nb6 59. a5 Nc8 60. Kb5 Kd5 61. a6 Kd6 1/2-1/2

[Event "XXI Coppa Autunno"]
[Site "Ivrea ITA"]
[Date "2010.10.22"]
[Round "3"]
[White "Razzano, Lorenzo"]
[Black "Ranieri, Fabrizio"]
[Result "0-1"]
[WhiteElo "1928"]
[BlackElo "2277"]
[PlyCount "64"]
[EventDate "2010.10.14"]

1. e4 e6 2. Nc3 c5 3. Nf3 d5 4. exd5 exd5 5. Bb5+ Nc6 6. Qe2+ Be7 7. d4 Nf6 8.
dxc5 O-O 9. Bxc6 bxc6 10. Be3 a5 11. Nd4 Qc7 12. Na4 Ba6 13. Qf3 Ne4 14. Nf5
Bf6 15. c3 Rab8 16. O-O-O Bc4 17. Nd6 Nxd6 18. cxd6 Qxd6 19. h4 Rfe8 20. Bc5
Qe6 21. Rde1 Be2 22. Qf4 d4 23. Bxd4 Bxd4 24. Qxd4 Qxa2 25. Nb6 Qa1+ 26. Kc2
Bd3+ 27. Qxd3 Rxe1 28. Rxe1 Qxe1 29. Qd4 h6 30. g4 Qe2+ 31. Kc1 Qe7 32. Nc4 Rd8
0-1

[Event "XXI Coppa Autunno"]
[Site "Ivrea ITA"]
[Date "2010.10.22"]
[Round "4"]
[White "Agostino, Pietro"]
[Black "Ganio Ottavio, Gabriele"]
[Result "1-0"]
[WhiteElo "1520"]
[BlackElo "1446"]
[PlyCount "57"]
[EventDate "2010.10.02"]

1. e4 e5 2. Nf3 Nc6 3. Bb5 f6 4. Bc4 Nge7 5. d3 d6 6. Nbd2 Nd4 7. c3 Nxf3+ 8.
Nxf3 Bg4 9. h3 Bxf3 10. Qxf3 c6 11. Be6 d5 12. O-O g6 13. Qxf6 Qd7 14. Bxd7+
Kxd7 15. Qxh8 Rc8 16. Qxh7 Kc7 17. Bg5 Kb6 18. Bxe7 Rc7 19. Bc5+ Bxc5 20. Qxg6
dxe4 21. Qxe4 a6 22. b4 Bd6 23. a4 Ka7 24. Qg6 Be7 25. Rfe1 b6 26. Rxe5 Rd7 27.
Qxc6 Rxd3 28. Rxe7+ Kb8 29. Qe8+ 1-0

[Event "XXI Coppa Autunno"]
[Site "Ivrea ITA"]
[Date "2010.10.22"]
[Round "4"]
[White "Bosticardo, Tommaso"]
[Black "Razzano, Lorenzo"]
[Result "0-1"]
[WhiteElo "1558"]
[BlackElo "1928"]
[PlyCount "112"]
[EventDate "2010.10.02"]

1. d4 Nf6 2. c4 c5 3. d5 b5 4. cxb5 a6 5. bxa6 g6 6. Nc3 Bxa6 7. Nf3 Bg7 8. g3
d6 9. Bg2 O-O 10. O-O Nbd7 11. Qc2 Qc7 12. Bg5 h6 13. Bf4 Rfb8 14. Rfe1 Ng4 15.
e4 Nge5 16. Nxe5 Nxe5 17. Bxe5 Bxe5 18. Bf1 Bxf1 19. Kxf1 Qc8 20. Kg2 Qb7 21.
Re2 Qb4 22. Qc1 Qc4 23. Re1 Rb4 24. Qd2 Rab8 25. Rac1 Rxb2 26. Nd1 Qxe4+ 27.
Rxe4 Rxd2 28. a4 f5 29. Rec4 Bd4 30. R4c2 Rxc2 31. Rxc2 Rb1 32. Nc3 Ra1 33. Na2
Kf7 34. a5 c4 35. a6 Bc5 36. Rb2 c3 37. Rc2 Ke8 38. Kf3 Kd7 39. Ke2 Kc7 40.
Nxc3 Rxa6 41. Kd3 Kd7 42. Re2 Ke8 43. Nb5 Kf7 44. Nc7 Ra3+ 45. Kc4 Ra4+ 46. Kb5
Re4 47. Ra2 g5 48. Ne6 Bd4 49. Kc6 Bf6 50. Kd7 Kg6 51. h3 h5 52. Ra8 h4 53.
Rg8+ Kh6 54. Ke8 hxg3 55. fxg3 Re3 56. Nd4 Bxd4 0-1

[Event "XXI Coppa Autunno"]
[Site "Ivrea ITA"]
[Date "2010.10.27"]
[Round "4"]
[White "Caserio, Federico"]
[Black "Moratto, Davide"]
[Result "0-1"]
[WhiteElo "1389"]
[BlackElo "1854"]
[PlyCount "102"]
[EventDate "2010.10.02"]

1. e4 g6 2. Nf3 d6 3. d4 Bg7 4. Nc3 Bg4 5. Be2 c6 6. O-O Bxf3 7. Bxf3 e6 8. Qd3
Ne7 9. Re1 O-O 10. d5 cxd5 11. exd5 e5 12. Qc4 Nd7 13. Nb5 Nb6 14. Qb4 Nbc8 15.
c4 a6 16. Nc3 b6 17. Be3 Nf5 18. Ne4 Nxe3 19. Rxe3 f5 20. Nd2 e4 21. Bxe4 fxe4
22. Nxe4 Bd4 23. Re2 Qh4 24. g3 Qg4 25. Qd2 Bg7 26. Rae1 Ra7 27. Ng5 Bh6 28. f4
Bxg5 29. fxg5 Raf7 30. Re8 Qxc4 31. b3 Qc5+ 32. Kh1 Qb5 33. Rxf8+ Kxf8 34. Kg2
Ne7 35. Qd4 Qxd5+ 36. Qxd5 Nxd5 37. Re6 Rd7 38. Kf3 Kf7 39. Re4 a5 40. h4 Rc7
41. Re2 Rc3+ 42. Ke4 Ne7 43. Kf4 Rc1 44. Rd2 Rf1+ 45. Kg4 Nf5 46. h5 Ne3+ 47.
Kh3 Rh1+ 48. Rh2 Rxh2+ 49. Kxh2 gxh5 50. Kh3 Kg6 51. Kh4 d5 0-1

[Event "XXI Coppa Autunno"]
[Site "Ivrea ITA"]
[Date "2010.10.28"]
[Round "4"]
[White "Giachino, Adriano"]
[Black "Petrone, Denise"]
[Result "1-0"]
[WhiteElo "1711"]
[BlackElo "1404"]
[PlyCount "43"]
[EventDate "2010.10.02"]

1. e4 e5 2. Nf3 Nc6 3. Bc4 Nf6 4. d4 exd4 5. O-O Bc5 6. Re1 d6 7. Bg5 h6 8. Bf4
O-O 9. Qd2 d5 10. exd5 Nxd5 11. Bxd5 Qxd5 12. Nc3 Qf5 13. Ne4 Re8 14. Nh4 Qd5
15. c4 Qxc4 16. Rac1 Bb4 17. Qd1 Qd5 18. Qf3 Bxe1 19. Nf6+ Kf8 20. Qxd5 Ne7 21.
Qe5 Nc6 22. Qxe8# 1-0

[Event "XXI Coppa Autunno"]
[Site "Ivrea ITA"]
[Date "2010.10.27"]
[Round "4"]
[White "Giunto, Stefano"]
[Black "Avetta, Roberto"]
[Result "0-1"]
[WhiteElo "1392"]
[BlackElo "1687"]
[PlyCount "53"]
[EventDate "2010.10.02"]

1. e4 e5 2. Nf3 Nc6 3. Nc3 d6 4. Bc4 Bg4 5. O-O Nf6 6. d3 Nd4 7. Bg5 Be7 8. Nb1
Nxf3+ 9. gxf3 Bh3 10. Re1 O-O 11. f4 exf4 12. Qf3 Qd7 13. Qxf4 h6 14. Bxf6 Bxf6
15. Nc3 Be5 16. Qf3 Kh8 17. Rad1 Bg4 18. Qe3 Bxd1 19. Rxd1 f5 20. Qh3 Qe7 21.
exf5 Qg5+ 22. Kf1 Rxf5 23. Re1 Raf8 24. Re2 Qc1+ 25. Kg2 Rg5+ 26. Qg3 Bxg3 27.
fxg3 0-1

[Event "XXI Coppa Autunno"]
[Site "Ivrea ITA"]
[Date "2010.10.28"]
[Round "4"]
[White "Listello, Massimiliano"]
[Black "Bellafiore, Enzo"]
[Result "1-0"]
[WhiteElo "1558"]
[BlackElo "1830"]
[PlyCount "77"]
[EventDate "2010.10.02"]

1. d4 d5 2. c4 c6 3. Nf3 Nf6 4. Qb3 dxc4 5. Qxc4 Nbd7 6. Bf4 Nb6 7. Qc2 Nbd5 8.
Bg3 g6 9. e3 Bf5 10. Qb3 Nb6 11. Bd3 Be6 12. Qc2 Nbd5 13. a3 Qa5+ 14. Qd2 Qxd2+
15. Nbxd2 Bg7 16. Ng5 Bg4 17. h3 Bd7 18. Nde4 O-O 19. Nc5 b6 20. Nxd7 Nxd7 21.
Ba6 N7f6 22. Bb7 Rad8 23. Bxc6 h6 24. Nf3 Rc8 25. Ba4 Ne4 26. Be5 f6 27. Bh2 f5
28. Bb3 e6 29. Be5 Bxe5 30. Nxe5 Kg7 31. O-O Nd2 32. Bxd5 Nxf1 33. Bxe6 Rce8
34. Bd7 Rd8 35. Kxf1 f4 36. e4 Rf6 37. d5 Rd6 38. Be6 Kf6 39. Nf7 1-0

[Event "XXI Coppa Autunno"]
[Site "Ivrea ITA"]
[Date "2010.10.28"]
[Round "4"]
[White "Papalini, Claudio"]
[Black "Bogatto, Mario"]
[Result "1/2-1/2"]
[WhiteElo "1718"]
[BlackElo "1455"]
[PlyCount "56"]
[EventDate "2010.10.02"]

1. d4 Nf6 2. Bf4 d6 3. Nf3 Bg4 4. Nbd2 g6 5. e3 Bg7 6. h3 Bxf3 7. Nxf3 O-O 8.
Be2 Nbd7 9. O-O c6 10. c3 Qc7 11. Qd3 Rac8 12. e4 c5 13. e5 c4 14. Qc2 Nd5 15.
Bh2 dxe5 16. dxe5 e6 17. Qe4 Nc5 18. Qd4 Qb6 19. Rab1 Nd7 20. Qxb6 N7xb6 21.
Rfd1 Rfd8 22. Rd4 Rc5 23. Nd2 Rdc8 24. Ne4 R5c6 25. Bf3 R6c7 26. Nd2 a5 27.
Bxd5 Nxd5 28. Ne4 Bf8 1/2-1/2

[Event "XXI Coppa Autunno"]
[Site "Ivrea ITA"]
[Date "2010.10.28"]
[Round "4"]
[White "Ranieri, Fabrizio"]
[Black "Allegro, Mattia"]
[Result "1-0"]
[WhiteElo "2277"]
[BlackElo "1912"]
[PlyCount "55"]
[EventDate "2010.10.02"]

1. e4 c5 2. Nf3 d6 3. d4 cxd4 4. Nxd4 Nf6 5. Nc3 g6 6. Bg5 Bg7 7. Bb5+ Bd7 8.
Qe2 O-O 9. O-O-O Qa5 10. f4 Bg4 11. Nf3 Nc6 12. Kb1 Rfc8 13. Bc4 Qb6 14. Bb3
Nd4 15. Qd3 Nxb3 16. axb3 Qa5 17. Bxf6 Bxf6 18. Nd5 Rc6 19. Nxf6+ exf6 20. Qd2
Qc7 21. Rc1 Rc8 22. Nd4 Ra6 23. f5 gxf5 24. h3 Bh5 25. exf5 Qc5 26. g4 b5 27.
gxh5 b4 28. Qh6 1-0

[Event "XXI Coppa Autunno"]
[Site "Ivrea ITA"]
[Date "2010.10.28"]
[Round "4"]
[White "Renzini, Lorenzo"]
[Black "Paonessa, Denis"]
[Result "0-1"]
[WhiteElo "1751"]
[BlackElo "1902"]
[PlyCount "84"]
[EventDate "2010.10.02"]

1. c4 e5 2. Nc3 Bb4 3. g3 Bxc3 4. bxc3 d6 5. Bg2 Nc6 6. Nf3 f5 7. e3 Nf6 8. O-O
O-O 9. Rb1 e4 10. Nd4 Ne5 11. Qb3 Kh8 12. f4 Nd3 13. Ba3 a5 14. Qb5 c6 15. Qb6
Qd7 16. Bh3 g6 17. Qb3 a4 18. Qd1 Qc7 19. Qe2 b6 20. Kh1 Re8 21. Rg1 Ba6 22. g4
fxg4 23. Bxg4 Nxg4 24. Rxg4 Bxc4 25. Rbg1 Ne5 26. Qg2 Nxg4 27. Qxg4 c5 28. Nc2
Bxa2 29. Qh4 Qf7 30. c4 Bxc4 31. Bb2+ Kg8 32. Qh6 Be6 33. Na3 Bf5 34. Nc4 Qf8
35. Qg5 d5 36. Nxb6 Rad8 37. Be5 d4 38. exd4 cxd4 39. h4 e3 40. h5 Rxe5 41.
fxe5 Be4+ 42. Kh2 Qf2+ 0-1

[Event "XXI Coppa Autunno"]
[Site "Ivrea ITA"]
[Date "2010.10.22"]
[Round "4"]
[White "Saccuman, Andrea"]
[Black "Gennaro, Isabella"]
[Result "0-1"]
[WhiteElo "1374"]
[BlackElo "1640"]
[PlyCount "54"]
[EventDate "2010.10.02"]

1. e4 c5 2. Bc4 Nc6 3. Nf3 Nf6 4. d3 e6 5. O-O Be7 6. Nbd2 O-O 7. a3 d5 8. exd5
exd5 9. Bb5 Bd7 10. Rb1 a6 11. Bxc6 Bxc6 12. b4 cxb4 13. axb4 Re8 14. Rb3 Rc8
15. Re1 Ba4 16. Rb2 Qc7 17. Nb3 Bxb4 18. Rxe8+ Rxe8 19. Nfd4 Re1+ 20. Qxe1 Bxe1
21. Bd2 Qe7 22. Rb1 Bxd2 23. Nxd2 Qc5 24. N2b3 Bxb3 25. Rxb3 Qxd4 26. Rxb7 Qa1+
27. Rb1 Qxb1# 0-1

[Event "XXI Coppa Autunno"]
[Site "Ivrea ITA"]
[Date "2010.10.22"]
[Round "4"]
[White "Tricerri, Pierino"]
[Black "Pitti, Gianluca"]
[Result "1-0"]
[WhiteElo "1523"]
[BlackElo "1440"]
[PlyCount "63"]
[EventDate "2010.10.02"]

1. d4 d5 2. c4 dxc4 3. e4 Nf6 4. Nc3 Nc6 5. d5 Ne5 6. Bf4 Ng6 7. Bg3 a6 8. Bxc4
e5 9. dxe6 Bxe6 10. Qb3 Bxc4 11. Qxc4 Rc8 12. Nf3 Bd6 13. e5 Qe7 14. O-O Nxe5
15. Bxe5 b6 16. Qc6+ Nd7 17. Bxg7 Rg8 18. Bd4 Rb8 19. Rfe1 Qxe1+ 20. Rxe1+ Be7
21. Qxc7 Rd8 22. Qd6 Ne5 23. Qxe5 Kd7 24. Qxe7+ Kc8 25. Qa7 Rd7 26. Qa8+ Kc7
27. Qxg8 Kc6 28. Ne5+ Kc7 29. Nxd7 Kxd7 30. Qe8+ Kc7 31. Re7+ Kd6 32. Qd7# 1-0

[Event "XXI Coppa Autunno"]
[Site "Ivrea ITA"]
[Date "2010.10.27"]
[Round "4"]
[White "Trovero, Leo"]
[Black "Castaldo, Antonio"]
[Result "0-1"]
[WhiteElo "1455"]
[BlackElo "1705"]
[PlyCount "138"]
[EventDate "2010.10.02"]

1. d4 Nf6 2. c4 d6 3. Nf3 g6 4. Nc3 Bg7 5. Bg5 Nbd7 6. e4 O-O 7. Bd3 h6 8. Bxf6
Nxf6 9. O-O Bg4 10. h3 Bxf3 11. Qxf3 e5 12. dxe5 dxe5 13. Nd5 Nd7 14. Rfd1 c6
15. Ne3 Qc7 16. Rac1 Rad8 17. Ng4 Nc5 18. Qe3 b6 19. Be2 Kh7 20. b4 Ne6 21. b5
c5 22. Rxd8 Rxd8 23. Rd1 Nd4 24. Qd3 Qd7 25. Re1 Nxe2+ 26. Qxe2 Qd2 27. Qxd2
Rxd2 28. Ra1 Rd4 29. f3 Rxc4 30. Rb1 Ra4 31. Ra1 h5 32. Nf2 f5 33. Kf1 Rb4 34.
a4 Rd4 35. Ke2 Bh6 36. Nd3 Bf4 37. a5 fxe4 38. fxe4 Rxe4+ 39. Kf2 Re3 40. Rd1
c4 41. Nxf4 exf4 42. Rd7+ Kh6 43. Rxa7 bxa5 44. Rxa5 Rb3 45. Ra4 c3 46. Rxf4
Rxb5 47. Ke2 Rb2+ 48. Kd1 Rxg2 49. Rc4 Rg3 50. Kc2 Rxh3 51. Rxc3 Rxc3+ 52. Kxc3
Kg5 53. Kd3 Kg4 54. Ke2 g5 55. Kf2 h4 56. Kg2 h3+ 57. Kh2 Kh4 58. Kg1 g4 59.
Kh2 g3+ 60. Kh1 Kg4 61. Kg1 Kf3 62. Kf1 g2+ 63. Kg1 h2+ 64. Kxh2 Kf2 65. Kh3
g1=Q 66. Kh4 Kf3 67. Kh5 Kf4 68. Kh6 Kf5 69. Kh7 Kf6 0-1

[Event "XXI Coppa Autunno"]
[Site "Ivrea ITA"]
[Date "2010.11.04"]
[Round "5"]
[White "Allegro, Mattia"]
[Black "Giachino, Adriano"]
[Result "1-0"]
[WhiteElo "1912"]
[BlackElo "1711"]
[PlyCount "111"]
[EventDate "2010.10.02"]

1. e4 e5 2. Nf3 Nc6 3. Bb5 Nf6 4. O-O d6 5. d4 Bd7 6. dxe5 Nxe5 7. Bxd7+ Nexd7
8. Nc3 Be7 9. Bf4 O-O 10. e5 dxe5 11. Nxe5 Bd6 12. Nxd7 Qxd7 13. Bxd6 cxd6 14.
Nd5 Nxd5 15. Qxd5 Rac8 16. c3 Rc5 17. Qd4 Qc6 18. Rfe1 b5 19. Rad1 d5 20. Re5
Rd8 21. Rde1 Qc8 22. Qxc5 Qxc5 23. Re8+ Rxe8 24. Rxe8+ Qf8 25. Rxf8+ Kxf8 26.
f3 Ke7 27. Kf2 Kd6 28. b4 f5 29. Ke3 g5 30. Kd4 a6 31. g3 h5 32. h3 g4 33. h4
gxf3 34. Ke3 Ke5 35. Kxf3 d4 36. cxd4+ Kxd4 37. Kf4 Kc4 38. Kxf5 Kxb4 39. g4
hxg4 40. Kxg4 Ka3 41. h5 Kxa2 42. h6 b4 43. h7 b3 44. h8=Q b2 45. Qh2 Ka1 46.
Qe5 Kb1 47. Qe2 Kc1 48. Qc4+ Kb1 49. Kf3 a5 50. Ke3 a4 51. Qxa4 Kc1 52. Qc4+
Kb1 53. Kd3 Ka1 54. Qa4+ Kb1 55. Kc3 Kc1 56. Qc2# 1-0

[Event "XXI Coppa Autunno"]
[Site "Ivrea ITA"]
[Date "2010.11.05"]
[Round "5"]
[White "Bogatto, Mario"]
[Black "Caserio, Federico"]
[Result "1/2-1/2"]
[WhiteElo "1455"]
[BlackElo "1389"]
[PlyCount "62"]
[EventDate "2010.10.02"]

1. e4 c5 2. Nf3 Nc6 3. Bb5 a6 4. Bxc6 bxc6 5. O-O d6 6. h3 e5 7. d3 Nf6 8. Bg5
Be7 9. Nbd2 Nh5 10. Be3 Nf4 11. Bxf4 exf4 12. Nb3 g5 13. Nh2 h5 14. f3 Rg8 15.
Qe2 Qd7 16. Rad1 Qe6 17. c4 Qf6 18. Rd2 Rg7 19. Re1 Qe5 20. d4 cxd4 21. Nxd4
Bd7 22. Qd1 f6 23. b3 Kf7 24. Nc2 Rag8 25. b4 g4 26. hxg4 hxg4 27. Nd4 Qg5 28.
fxg4 Bxg4 29. Nxg4 Qxg4 30. Qxg4 Rxg4 31. Nf5 R8g6 1/2-1/2

[Event "XXI Coppa Autunno"]
[Site "Ivrea ITA"]
[Date "2010.11.05"]
[Round "5"]
[White "Bruera, Marco"]
[Black "Avetta, Roberto"]
[Result "1-0"]
[WhiteElo "1524"]
[BlackElo "1687"]
[PlyCount "97"]
[EventDate "2010.10.02"]

1. d4 d5 2. Bf4 Nf6 3. Nf3 Nbd7 4. h3 e6 5. e3 c5 6. c3 Qb6 7. Qb3 cxd4 8. exd4
Qxb3 9. axb3 a5 10. Bb5 Be7 11. Nbd2 O-O 12. O-O b6 13. Bc6 Ba6 14. Bxa8 Bxf1
15. Kxf1 Rxa8 16. b4 a4 17. Ne5 Nxe5 18. Bxe5 Nd7 19. Nf3 f6 20. Bg3 b5 21. Ke2
Kf7 22. Kd3 g5 23. Kc2 Rc8 24. Kd2 Nb6 25. Kd3 Nc4 26. Rb1 Ra8 27. Nd2 a3 28.
Nxc4 dxc4+ 29. Kc2 axb2 30. Kxb2 h5 31. Rd1 Kg6 32. Bc7 Ra7 33. Bb6 Rd7 34. Kc2
Kf5 35. Re1 Bd6 36. Bc5 e5 37. Bxd6 Rxd6 38. dxe5 fxe5 39. Rd1 Rxd1 40. Kxd1
Kf4 41. Ke2 h4 42. Kd2 e4 43. Ke2 e3 44. fxe3+ Kg3 45. Kf1 g4 46. hxg4 Kxg4 47.
Kf2 Kf5 48. Kf3 Ke5 49. e4 1-0

[Event "XXI Coppa Autunno"]
[Site "Ivrea ITA"]
[Date "2010.11.04"]
[Round "5"]
[White "Caresana, Alessandro"]
[Black "Renzini, Lorenzo"]
[Result "1-0"]
[WhiteElo "2003"]
[BlackElo "1751"]
[PlyCount "41"]
[EventDate "2010.10.02"]

1. d4 Nf6 2. Nf3 g6 3. Bg5 Bg7 4. Nbd2 d6 5. h3 Nbd7 6. e4 O-O 7. Bc4 c5 8. c3
Qb6 9. O-O h6 10. Bh4 Re8 11. e5 dxe5 12. dxe5 Nh5 13. e6 fxe6 14. Qc2 Kh7 15.
Ne4 Nf8 16. g4 Nf4 17. Bg3 e5 18. Bxf4 exf4 19. Rfe1 Qc6 20. Rad1 b5 21. Bd5
1-0

[Event "XXI Coppa Autunno"]
[Site "Ivrea ITA"]
[Date "2010.10.30"]
[Round "5"]
[White "Castaldo, Antonio"]
[Black "Bosticardo, Tommaso"]
[Result "0-1"]
[WhiteElo "1705"]
[BlackElo "1558"]
[PlyCount "74"]
[EventDate "2010.10.02"]

1. Nf3 d5 2. g3 c5 3. d3 Nf6 4. Bg2 Nc6 5. O-O e6 6. Bg5 Be7 7. Nbd2 O-O 8. e4
b5 9. Re1 Rb8 10. c3 b4 11. e5 Nd7 12. Bxe7 Qxe7 13. Nb3 a5 14. d4 c4 15. Nbd2
Ba6 16. Qc2 Nb6 17. h4 h6 18. Bh3 a4 19. g4 Bb5 20. a3 bxc3 21. bxc3 Na5 22. g5
h5 23. Re3 Nb3 24. Rb1 g6 25. Nxb3 axb3 26. Qb2 Ra8 27. Ra1 Ra7 28. Nd2 Rfa8
29. Nb1 Na4 30. Qd2 Be8 31. Rf3 Ra6 32. Rf6 Qb7 33. Qf4 b2 34. Ra2 Nxc3 35. Qf3
Nxa2 36. Bxe6 Rxe6 37. Rxe6 fxe6 0-1

[Event "XXI Coppa Autunno"]
[Site "Ivrea ITA"]
[Date "2010.10.30"]
[Round "5"]
[White "Ganio Ottavio, Gabriele"]
[Black "Saccuman, Andrea"]
[Result "0-1"]
[WhiteElo "1446"]
[BlackElo "1374"]
[PlyCount "42"]
[EventDate "2010.10.02"]

1. e4 e5 2. Nf3 Nc6 3. Nc3 Nf6 4. d4 exd4 5. Nxd4 Nxd4 6. Qxd4 b6 7. g3 Bc5 8.
Qd1 Ng4 9. Qxg4 O-O 10. Bg2 d6 11. Qd1 Bb7 12. h4 Qf6 13. Qd2 Rab8 14. a3 a5
15. Nd5 Bxd5 16. exd5 Rfe8+ 17. Kf1 Re7 18. b4 Qxa1 19. bxc5 bxc5 20. Qxa5
Qxc1+ 21. Qe1 Qxe1# 0-1

[Event "XXI Coppa Autunno"]
[Site "Ivrea ITA"]
[Date "2010.11.04"]
[Round "5"]
[White "Gennaro, Isabella"]
[Black "Bellafiore, Enzo"]
[Result "1-0"]
[WhiteElo "1640"]
[BlackElo "1830"]
[PlyCount "59"]
[EventDate "2010.10.02"]

1. e4 Nf6 2. Nc3 d5 3. exd5 Nxd5 4. Bc4 c6 5. Qf3 e6 6. Nge2 Nd7 7. O-O Ne5 8.
Qe4 Nxc4 9. Qxc4 Bd6 10. d3 Bd7 11. Qg4 Qc7 12. g3 O-O-O 13. Nxd5 exd5 14. Qxg7
h5 15. Bf4 Bxf4 16. Nxf4 Rhg8 17. Qf6 h4 18. Qxh4 Rg4 19. Qf6 Rdg8 20. Kh1 R4g7
21. Rfe1 Qb6 22. Re3 d4 23. Re7 Qxb2 24. Rae1 Qc3 25. R1e4 Qxc2 26. Qxd4 Qd1+
27. Kg2 Qg4 28. Ne6 Bxe6 29. Rxg4 Rxg4 30. Qd6 1-0

[Event "XXI Coppa Autunno"]
[Site "Ivrea ITA"]
[Date "2010.11.05"]
[Round "5"]
[White "Melling, Jonathon"]
[Black "Listello, Massimiliano"]
[Result "1-0"]
[WhiteElo "1905"]
[BlackElo "1558"]
[PlyCount "69"]
[EventDate "2010.10.02"]

1. d4 Nf6 2. c4 e6 3. Nf3 Bb4+ 4. Nc3 O-O 5. Bg5 d5 6. e3 Nbd7 7. Rc1 c6 8. Qc2
Qa5 9. Bd3 h6 10. Bh4 dxc4 11. Bxc4 Nd5 12. O-O N7b6 13. Bd3 Nxc3 14. bxc3 Ba3
15. Rb1 Nd5 16. Rb3 Be7 17. c4 Nf6 18. Ne5 Qd8 19. Rfb1 Qc7 20. c5 Nh5 21. Bxe7
Qxe7 22. a4 a5 23. Nc4 Nf6 24. Nd6 Ra7 25. f4 Nd5 26. Bc4 Nb4 27. Qe4 f5 28.
Nxf5 Qf6 29. Nd6 Bd7 30. Rf1 Kh8 31. Rf3 Qe7 32. Rb1 Rf6 33. Rbf1 Nd5 34. Bd3
Kg8 35. Qh7+ 1-0

[Event "XXI Coppa Autunno"]
[Site "Ivrea ITA"]
[Date "2010.11.04"]
[Round "5"]
[White "Paonessa, Denis"]
[Black "Ranieri, Fabrizio"]
[Result "0-1"]
[WhiteElo "1902"]
[BlackElo "2277"]
[PlyCount "42"]
[EventDate "2010.10.02"]

1. d4 e6 2. c4 d5 3. Nc3 c6 4. Nf3 dxc4 5. e4 b5 6. e5 Bb4 7. Ng5 Ne7 8. Qh5
Ng6 9. Be3 Nd7 10. Be2 Nb6 11. O-O Bxc3 12. bxc3 Nd5 13. Bd2 Qe7 14. Bf3 Bd7
15. Be4 Ndf4 16. Bxf4 Nxf4 17. Qg4 Nd5 18. Nxh7 O-O-O 19. Qf3 f5 20. Bxd5 cxd5
21. Qh5 g5 0-1